Historias de "perros" (Record no. 113375)

MARC details
000 -LEADER
campo de control de longitud fija 01567nam a2200409 i 4500
001 - NÚMERO DE CONTROL
campo de control 113375
003 - IDENTIFICADOR DE NÚMERO DE CONTROL
campo de control mxcmmo
005 - FECHA Y HORA DE LA ÚLTIMA TRANSACCIÓN
campo de control 20260331231421.0
008 - DATOS DE LONGITUD FIJA--INFORMACIÓN GENERAL
campo de control de longitud fija 250702s2012 ag ||||g |||| 00| 0 spa d
020 ## - NÚMERO INTERNACIONAL ESTÁNDAR DEL LIBRO
Número Internacional Estándar del Libro 9789507931260
035 ## - NÚMERO DE CONTROL DEL SISTEMA
Número de control de sistema 250689
040 ## - FUENTE DE CATALOGACIÓN
Centro catalogador/agencia de origen mxcmmo
Lengua de catalogación spa
Centro/agencia transcriptor mxcmmo
Normas de descripción rda
041 0# - CÓDIGO DE IDIOMA
Código de lengua del texto/banda sonora o título independiente spa
043 ## - CÓDIGO DE ÁREA GEOGRÁFICA
Código de área geográfica s-ag---
045 ## - PERIODO DE TIEMPO DEL CONTENIDO
Código de periodo de tiempo x6x9
082 04 - NÚMERO DE LA CLASIFICACIÓN DECIMAL DEWEY
Clasificación 320.98209047
Número de ítem POZ.h
100 1# - ENTRADA PRINCIPAL--NOMBRE DE PERSONA
Nombre de persona Pozzi, Pablo A.
Término indicativo de función/relación autor
9 (RLIN) 195156
245 10 - MENCIÓN DEL TÍTULO
Título Historias de "perros"
Resto del título : entrevistas a militantes del PRT-ERP /
Mención de responsabilidad, etc. Pablo A. Pozzi
250 ## - MENCION DE EDICION
Mención de edición 1a. ed.
264 #1 - PRODUCCIÓN, PUBLICACIÓN, DISTRIBUCIÓN, FABRICACIÓN Y COPYRIGHT
Producción, publicación, distribución, fabricación y copyright Buenos Aires :
Nombre del de productor, editor, distribuidor, fabricante Imago Mundi :
-- RELHO,
Fecha de producción, publicación, distribución, fabricación o copyright 2012
300 ## - DESCRIPCIÓN FÍSICA
Extensión 406 páginas :
Dimensiones 21 cm
336 ## - TIPO DE CONTENIDO
Término de tipo de contenido texto
Código de tipo de contenido txt
Fuente rdacontent
337 ## - TIPO DE MEDIO
Nombre/término del tipo de medio sin medio
Código del tipo de medio n
Fuente rdamedia
338 ## - TIPO DE SOPORTE
Nombre/término del tipo de soporte volumen
Código del tipo de soporte nc
Fuente rdacarrier
490 0# - MENCIÓN DE SERIE
Mención de serie Colección Bitácora argentina
541 0# - NOTA DE FUENTE DE ADQUISICIÓN DIRECTA
Fuente de adquisición Buscalibre México
Forma de adquisición Compra
610 #7 - PUNTO DE ACCESO ADICIONAL DE MATERIA--NOMBRE DE ENTIDAD CORPORATIVA
Nombre de entidad corporativa o nombre de jurisdicción como elemento de entrada Ejército Revolucionario del Pueblo (Argentina)
Subdivisión general Historia
9 (RLIN) 143349
610 #7 - PUNTO DE ACCESO ADICIONAL DE MATERIA--NOMBRE DE ENTIDAD CORPORATIVA
Nombre de entidad corporativa o nombre de jurisdicción como elemento de entrada Partido Revolucionario de los Trabajadores (Argentina)
Subdivisión general Historia
9 (RLIN) 143350
650 #7 - PUNTO DE ACCESO ADICIONAL DE MATERIA--TÉRMINO DE MATERIA
Término de materia o nombre geográfico como elemento de entrada Guerrillas
Subdivisión geográfica Argentina
Subdivisión general Relatos personales
9 (RLIN) 137947
650 #7 - PUNTO DE ACCESO ADICIONAL DE MATERIA--TÉRMINO DE MATERIA
Término de materia o nombre geográfico como elemento de entrada Guerrilleros
Subdivisión geográfica Argentina
Subdivisión general Entrevistas
9 (RLIN) 206732
650 #7 - PUNTO DE ACCESO ADICIONAL DE MATERIA--TÉRMINO DE MATERIA
Término de materia o nombre geográfico como elemento de entrada Trabajadores
Subdivisión general Actividad política
Subdivisión geográfica Argentina
Subdivisión general Historia
Subdivisión cronológica Siglo XX
9 (RLIN) 200001
650 #7 - PUNTO DE ACCESO ADICIONAL DE MATERIA--TÉRMINO DE MATERIA
Término de materia o nombre geográfico como elemento de entrada Trabajadores
Subdivisión geográfica Argentina
Subdivisión general Entrevistas
9 (RLIN) 200001
651 #7 - PUNTO DE ACCESO ADICIONAL DE MATERIA--NOMBRE GEOGRÁFICO
Nombre geográfico Argentina
Subdivisión general Política y gobierno
Subdivisión cronológica 1955-1983
9 (RLIN) 163484
710 2# - ENTRADA AGREGADA--NOMBRE DE ENTIDAD CORPORATIVA
Nombre de entidad corporativa o nombre de jurisdicción como elemento de entrada Red Latinoamericana de Historia Oral (Buenos Aires, Argentina)
Término indicativo de función/relación organismo emisor
9 (RLIN) 165618
900 ## - ELEMENTOS DE DATOS A LOCAL, LDA (RLIN)
Nombre de persona Luis Manuel Hernández
Numeración Chávez Lorenzo, María de Lourdes
942 ## - ELEMENTOS DE ENTRADA SECUNDARIOS (KOHA)
Fuente del sistema de clasificación o colocación Clasificación Decimal Dewey
Tipo de ítem Koha Libro
901 ## - ELEMENTOS DE DATOS A LOCAL LDA (RLIN)
a batch batch
Holdings
Estatus retirado Estado de pérdida Fuente del sistema de clasificación o colocación Estado de daño No para préstamo Colección Biblioteca de origen Biblioteca actual Fecha de adquisición Fuente de adquisición Número de inventario Total de préstamos Signatura topográfica completa Código de barras Visto por última vez Precio de reemplazo Tipo de ítem Koha
    Clasificación Decimal Dewey     Libros (General) Biblioteca Instituto Mora Biblioteca Instituto Mora 02/07/2025 Compra 140631   (G)/320.98209047 POZ.h 33006801144777 02/07/2025 02/07/2025 Libro préstamo regular